[Event "Càmpeonato de España de Ajedrez"]
[Site "www.circulodelasartes.org"]
[Date "2007.06.20"]
[Round "1.7"]
[White "Motylev, Alexander"]
[Black "Morozevich, Alexander"]
[Result "0-1"]
[WhiteElo "2642"]
[BlackElo "2762"]
[Annotator "Ëåáåäåâ Âàñèëèé"]
[PlyCount "114"]
[EventDate "2007.06.21"]

1. e4 c5 2. Nf3 e6 3. d4 cxd4 4. Nxd4 Nc6 5. Nc3 Qc7 6. Be3 a6 7. Qd2 Nf6 8.
O-O-O Be7 9. f3 O-O 10. g4 b5 11. g5 Ne8 12. Bf4 $146 ({
Ìîòûë¸â óêëîíÿåòñÿ îò ïðîäîëæåíèÿ} 12. h4 {
, êîòîðîå ïðèíåñëî åìó êðàñèâóþ ïîáåäó íà íåäàâíåì ïåðâåíñòâå Åâðîïû:} Bb7 13.
h5 Nxd4 14. Qxd4 b4 ({â òîò æå äåíü, íà òîì æå òóðíèðå, çà ñîñåäíèì ñòîëèêîì
áûëà ñûãðàíà ñëåäóþùàÿ ýôôåêòíàÿ ïàðòèÿ:} 14... Bc6 15. Kb1 f5 16. Rg1 Rc8 17.
a3 f4 18. Bf2 Rb8 19. Nd5 exd5 20. exd5 Bb7 21. Bd3 Qd6 22. Qe4 g6 23. hxg6
Bxd5 24. gxh7+ Kh8 25. Qd4+ Ng7 26. Qxg7+ $3 Kxg7 27. Bd4+ Kf7 28. g6+ Ke8 29.
g7 $18 Bf6 30. Bg6+ Kd8 31. Bxf6+ Qxf6 32. gxf8=Q+ Qxf8 33. Rxd5 Kc7 34. Bf5 d6
35. Rg8 {1-0 Parligras,M (2522) - Vehi Bach,V (2377)/Dresden GER 2007}) 15. Na4
Rc8 16. Bd3 Qa5 17. Qb6 Qxa4 18. Qxb7 Nc7 19. Bc4 Qa5 20. Rxd7 Bxg5 21. f4 Bh6
22. Kb1 Nd5 23. exd5 Rxc4 24. dxe6 Qf5 25. e7 Qxc2+ 26. Ka1 Re8 27. Rd8 Rc8 28.
Qd7 {(1-0 Motylev,A (2642) - Korneev,O (2565)/Dresden GER 2007).}) {È íà
ïðîòÿæåíèè ñëåäóþùåãî äåñÿòêà õîäîâ èä¸ò æåñòîêàÿ ðóáêà, àíàëèçèðîâàòü êîòîðóþ
ñåé÷àñ íå áóäåì.} 12... Ne5 13. Bxe5 Qxe5 14. f4 Qc7 15. e5 d6 16. Bg2 Bb7 17.
Rhe1 b4 18. Ne4 Kh8 19. Nf3 Rd8 20. Qe2 Bd5 21. Kb1 a5 22. h4 a4 23. g6 b3 24.
Rxd5 $5 {À òåïåðü íà÷èíàåòñÿ äëèííûé ôîðñèðîâàííûé âàðèàíò.} ({Rybka íå âèäèò
íè÷åãî îïàñíîãî äëÿ áåëûõ â ñëåäóþùåì «ïðîñòåíüêîì» âàðèàíòå -} 24. axb3
axb3 25. gxf7 Rxf7 26. cxb3 Rxf4 27. exd6 Nxd6 28. Nxd6 Qxd6 29. Ne5 Bxh4 30.
Rf1 Be4+ 31. Bxe4 Qxe5 32. Rxd8+ Bxd8 33. Rxf4 Qxf4) 24... Qxc2+ {
È íà÷èíàåòñÿ îí, ïîõîæå, ñ îãðåõà ÷¸ðíûõ.} ({Â ñëó÷àå} 24... bxc2+ $5 25.
Qxc2 (25. Kc1 exd5 26. Nc3 a3 $1 $19) 25... Qxc2+ 26. Kxc2 exd5 {
ìû ïîëó÷àëè ïîçèöèþ èç ïàðòèè.}) {À ñåé÷àñ ó áåëûõ ïîñëå} 25. Qxc2 bxc2+ {
áûëà âîçìîæíîcòü íå èãðàòü} 26. Kxc2 ({À îòâå÷àòü} 26. Kc1 $5 exd5 $140 27.
Neg5 $1 fxg6 (27... hxg6 28. e6 $1) 28. Ne6 $13) 26... exd5 27. Nc3 Nc7 28. Nd4
fxg6 29. Nc6 Rde8 (29... Rd7 $2 30. e6 Nxe6 31. Rxe6 Bxh4 32. Nxd5) 30. Nxd5
Nxd5 31. Bxd5 dxe5 {Â ýíäøïèëü, êîòîðûé, â êîíöå êîíöîâ, îêàçàëñÿ íè÷åéíûì.} (
31... Bxh4 $5) 32. Nxe5 Rxf4 (32... Rc8+ $5) 33. Nf7+ $6 {
È ýòî íå ïðîèãðûâàåò, íî äåëàåò çàäà÷ó áåëûõ åù¸ áîëåå ñëîæíîé.} ({
áûë åù¸ íåîæèäàííûé, îáîðîíèòåëüíî-àòàêóþùèé ðåñóðñ:} 33. Nc6 $1 Rxh4 34. Nxe7
Rf8 35. b4 $1 Rxb4 $140 $4 ({ïîñëå ïðàâèëüíîãî} 35... axb3+ 36. axb3 {
- ó áåëûõ òîæå åñòü ïðîõîäíàÿ, ïóñòü è îäíà}) 36. Nxg6+ hxg6 37. Rh1+) 33...
Rxf7 34. Bxf7 Rc8+ 35. Kd3 Bxh4 36. Re8+ Rxe8 37. Bxe8 Bf6 38. Kc2 a3 $1 39.
bxa3 g5 {Íà÷èíàÿ áîëüøèå ïåøå÷íûå ãîíêè.} 40. Kd3 g6 41. a4 Kg7 ({
Ìîæåò, ñëåäîâàëî óíè÷òîæàòü «âðàãîâ» íà äàëüíèõ ïîäñòóïàõ? Íàïðèìåð,} 41...
Bd8 $5 42. Kc4 $140 g4 43. Kb5 $6 Kg7 44. a5 Bxa5 $1 45. Kxa5 g3 46. Bc6 h5 47.
Bg2 h4 48. a4 g5 49. Kb4 g4 50. a5 h3 $19) 42. a5 Bd8 43. a6 Bb6 44. a4 g4 45.
Ke4 Kf6 46. Kf4 h5 47. Bd7 Ba7 48. a5 Bb8+ 49. Ke4 Kg5 50. Kd5 g3 (50... h4 $4
51. Kc6 h3 52. Kb7 $18) 51. Bh3 Kh4 ({Íå âûèãðûâàåò è îáõîä ñëåâà -} 51... Kf4
52. Kc6 Ba7 $1 (52... g5 53. Kb7 g4 54. Bf1 h4 55. Kxb8 h3 56. a7 g2 57. Bxg2
hxg2 58. a8=Q g1=Q $11 {- ïî áàçå, ïî áàçå}) 53. Kb7 Bf2 54. a7 Bxa7 55. Kxa7
g5 56. a6 g4 57. Bf1 h4 58. Kb7 ({ñëàáåå} 58. Kb8 $6 h3 59. a7 g2 60. Bxg2 hxg2
61. a8=Q g1=Q {, õîòÿ è ýòî íè÷üÿ}) 58... h3 59. a7 g2 60. a8=Q $1 g1=Q (60...
gxf1=Q $4 61. Qf8+ Kg3 62. Qxf1 $18) 61. Qf8+ {ñ âå÷íûì øàõîì.}) 52. Bf1 ({Èëè
} 52. Bg2 Kg4 53. Kc6 Ba7 54. Kb7 Be3 55. a7 Bxa7 56. Kxa7 h4 57. Kb8 h3 58.
Bxh3+ Kxh3 59. a6 g2 60. a7 g1=Q 61. a8=Q {
Íî ÷èòàéòå êîììåíòàðèé â êîíöå ïàðòèè.}) 52... Kg4 53. Kc6 Ba7 54. Kb7 Bd4 55.
a7 Bxa7 56. Kxa7 h4 57. a6 h3 ({
È áåëûå ëèáî ñäàëèñü, ëèáî ïðîñðî÷èëè âðåìÿ, íî ïîçèöèÿ ïîñëå} 57... h3 58.
Bxh3+ Kxh3 59. Kb8 $1 ({íî íå} 59. Kb6 $4 g2 60. a7 g1=Q+) ({
èëè òàêîå æå ïî ñèëå} 59. Kb7 $4 g2 60. a7 g1=Q 61. a8=Q Qh1+) 59... g2 60. a7
g1=Q 61. a8=Q {- îïÿòü, ñîãëàñíî òàáëèöàì, ïîëó÷àåòñÿ íè÷üÿ. Ïðàâäà,
íè÷åéíàÿ ýòà ïîçèöèÿ â ÷èñòî òåîðåòè÷åñêîì ñìûñëå. Äîñòàòî÷íî âñïîìíèòü
äâå ïàðòèè óæå ýòîãî ãîäà: Ìîðîçåâè÷ - Òîïàëîâ (Ëèíàðåñ) è Êàðëñåí - Àðîíÿí
(Ýëèñòà), ãäå ñ ïðîáëåìàìè ñëàáåéøåé ñòîðîíû íå ñïðàâëÿëèñü äàæå ñóïåðèãðîêè!})
0-1

[Event "Càmpeonato de España de Ajedrez"]
[Site "circulodelasartes.org"]
[Date "2007.06.22"]
[Round "3.13"]
[White "Adams, Michael"]
[Black "Morozevich, Alexander"]
[Result "1/2-1/2"]
[WhiteElo "2734"]
[BlackElo "2762"]
[Annotator "Ëåáåäåâ Âàñèëèé"]
[PlyCount "48"]
[EventDate "2007.06.24"]

1. e4 e5 2. Nf3 Nc6 3. Bb5 a6 4. Ba4 Nf6 5. O-O Be7 6. Re1 b5 7. Bb3 d6 8. c3
O-O 9. h3 Nb8 10. d4 Nbd7 11. Nbd2 Bb7 12. Bc2 Re8 13. Nf1 Bf8 14. Ng3 c6 15.
Be3 ({Ïîñëå} 15. Nf5 {Ñàì Àíàíä ÷óòü íå «ïîïàë» áåëûìè ïîä ïîåçä!
Ïîäðîáíîñòè: https://www.crestbook.com/?q=node/319} Qc7 16. dxe5 dxe5 17. Nh2 c5
18. Qf3 c4 19. Bg5 Re6 (19... Qc6 20. Rad1 h6 21. Bc1 Nc5 22. Bxh6 Nfxe4 23.
Ng4 Re6 24. Be3 Rae8 25. Bxc5 Nxc5 26. Qg3 a5 27. Rxe5 Nd3 28. Bxd3 cxd3 29.
Nd4 Rxe5 30. Nxc6 {
1-0 Volokitin,A (2645) - Bacrot,E (2705)/Muelheim Nord GER 2007}) 20. Rad1 Nc5
21. Bxf6 Rxf6 22. Ng4 Re6 23. Nge3 Qa5 24. a3 g6 25. Nd5 Rd8 26. Qg3 Rd7 27.
Nfe3 Qd8 28. Qf3 Bg7 29. a4 Red6 30. axb5 axb5 31. g4 Qh4 32. Ra1 Ne6 33. Qg3
Qxg3+ 34. fxg3 Nc5 35. h4 h6 36. Ra5 Bc6 37. Nb4 Bxe4 38. Bxe4 Nxe4 39. Rxb5
Nd2 40. Kg2 e4 41. Re2 Bf8 42. Ned5 e3 43. Nxe3 Re6 44. Nbd5 Nb3 45. Nf4 Rc6
46. Nxc4 Rxc4 47. Rxb3 Kg7 48. Rb5 Bc5 49. g5 hxg5 50. hxg5 Be7 51. Kf3 Bd8 52.
Re4 Rc6 53. Kg4 Rd2 54. Rd5 Rxd5 55. Nxd5 Re6 56. Rxe6 fxe6 57. Nf4 Kf7 58. Nd3
Bc7 59. Kf3 {
(1-0 Anand,V (2779) - Morozevich,A (2741)/Morelia/Linares MEX/ESP 2007).})
15... Qc7 16. a4 Rad8 17. Qc1 h6 18. b3 {
È òåïåðü - ïðîøó ëþáèòü è æàëîâàòü! Ôåðçåâûé òðåóãîëüíèê!} Qb8 $1 (18... d5 $6
19. Nxe5) (18... b4 $5) 19. Rb1 Qc8 $1 ({õóæå} 19... d5 $6 20. Nxe5 Nxe5 21.
dxe5 Qxe5 22. Bb6 $1 Ra8 23. Bd4 Qg5 24. Qxg5 hxg5 25. Bd3 $36) 20. b4 Qc7 $1
21. Nd2 d5 $1 {Èìåííî òîãäà, êîãäà ýòî íóæíî!} 22. dxe5 Nxe5 23. Bd4 Ned7 24.
exd5 Nxd5 1/2-1/2

[Event "Càmpeonato de España de Ajedrez"]
[Site "circulodelasartes.org"]
[Date "2007.06.23"]
[Round "4.1"]
[White "Dreev, Alexey"]
[Black "Morozevich, Alexander"]
[Result "1/2-1/2"]
[WhiteElo "2633"]
[BlackElo "2762"]
[Annotator "Ëåáåäåâ Âàñèëèé"]
[PlyCount "102"]
[EventDate "2007.06.24"]

{À â ñëåäóþùåé ïàðòèè ìåíÿ «çàöåïèëà» îäíà ïîçèöèÿ.} 1. d4 Nf6 2. c4 e6 3.
Nf3 d5 4. Nc3 c6 5. e3 Nbd7 6. Qc2 {Êîãäà èä¸ò áèòâà äâóõ çíàòîêîâ
«ñëàâÿíêè» (ïðè÷¸ì, çà îáà öâåòà!), îáîçðåâàòåëè ìîë÷àò.} Bd6 7. g4 h6 8.
Bd2 b5 9. cxd5 exd5 10. g5 hxg5 11. Nxg5 Nb6 12. e4 dxe4 13. Ncxe4 Be7 14. Bg2
Nxe4 15. Qxe4 Qd5 16. O-O Qxe4 17. Bxe4 Bd7 18. Rfe1 Kf8 19. Nf3 f6 20. Rac1
Rc8 21. Rc2 Bd6 22. Bg6 Nd5 23. h4 Ne7 24. Be4 Kf7 25. a3 Nd5 26. Kg2 Rhe8 27.
Rcc1 g6 28. Bb1 Rxe1 ({Âîò òóò òîëüêî âîïðîñèê âîçíèê: «Ìîæåò, ÷¸ðíûì
ñëåäîâàëî îáçàâåñòèñü äâóìÿ ñëîíàìè ïîñëå} 28... Nf4+ $5 {»?} {Èáî} 29. Kh1 {
ÿâíî íå ê âûãîäå áåëûõ:} (29. Bxf4 $142 Bxf4 $15) 29... Bg4 30. Nh2 Be6 31. Be4
Bc4 32. Nf3 Rxe4 $1 ({ñëàáåå} 32... Be2 33. Ne5+ $1 fxe5 34. Bxf4 exd4 $1 35.
Rxe2 Bxf4 36. Rc5 {è ò.ä.}) 33. Rxe4 Nd3 34. Rxc4 bxc4 35. Re2 Nxb2 {è ò.ä.})
29. Rxe1 Re8 30. Rxe8 Bxe8 {Ëàäüè óøëè ñ äîñêè, ìàí¸âðû ïðîäîëæàþòñÿ.} 31. Be4
Ke6 32. Ne1 f5 33. Bc2 Be7 34. Nf3 Bf6 35. Bg5 Bg7 36. Bb3 Kd6 37. Kf1 a5 38.
Ke2 a4 39. Ba2 c5 40. dxc5+ Kxc5 41. Ne1 {Ó Àëåêñàíäðà ïîçèöèÿ ïî-ïðåæíåìó
÷óòü ëó÷øå, íî íè÷åãî ðåøàþùåãî íå ïðîãëÿäûâàåòñÿ. È ÿ â àíàëèçå ðåøèë
«çàôååðèòü»...} b4 ({«Çàôååðèòü» òàêèì âîò îáðàçîì -} 41... Bxb2 $6 42.
Nd3+ Kd4 ({èìååò ñìûñë} 42... Kd6 $5 43. Bxd5 Bxa3 44. Bg8 b4 {
, íî àíàëèçèðîâàòü ýòî ÿ íå áóäó}) 43. Bxd5 ({åñòåñòâåííî, íå} 43. Nxb2 $2 {
, ïîñëå ÷åãî ïðîõîäèò îñíîâíàÿ «èäåÿ» -} Nc3+) 43... Bxa3 (43... Kxd5 44.
Nxb2 b4 45. axb4 a3 46. Nd3 Kc4 47. Bf6 a2 48. Kd2 Kb3 49. Bc3 Ka3 50. Ne5 Kb3
51. b5 {è ò.ä.} {Íàïðèìåð,} Bxb5 52. Nxg6 Be8 53. h5 Bf7 54. Nf4 Bc4 55. h6 Bg8
56. Nd5 $1 Bh7 57. Nf6) 44. Be6 $1 {Ãðîçèò ìàò!} Kc3 $8 (44... b4 45. Bf6+ Ke4
46. f3# $1) 45. Bd2+ Kc2 ({èëè} 45... Kd4 46. f3 $1 Bf8 $1 (46... Bd6 47. Be1
Bc6 48. Kd2 $3 {, íàïðèìåð,} Bd5 49. Bf2+ Kc4 50. Nb2+ Kb3 51. Bxd5+ Kxb2 52.
Bd4+ Ka3 53. Bf6 b4 54. Kc2 b3+ 55. Kb1 $18) 47. Be1 $1 Bc6 48. Bf2+ Kc3 49.
Bf7 Bxf3+ 50. Kxf3 Kxd3 51. Bxg6 b4 52. Bxf5+ Kc4 53. Ke4) 46. Nb4+ Kb2 47. f4
$3 {È ëèíèþ ïîñëå} Bxb4 {íàçíà÷àþ ãëàâíîé òóò.} ({À âîò ÷òî ïîëó÷èòñÿ,
åñëè ÷¸ðíûå èçî âñåõ ñèë íà÷íóò ñîïðîòèâëÿòüñÿ ïðåòâîðåíèþ â æèçíü ýòîãî
âàðèàíòà:} 47... Kb1 48. Kd3 Kb2 49. Bc3+ Kc1 50. Ba2 Kd1 51. Bd5 Kc1 52. Be6
Kd1 53. Bg8 $1 Kc1 54. Bd5 $1 Kb1 (54... Kd1 55. Bd2 {, è ìàò!}) 55. Kd2 Bc1+
56. Kd1 Bb2 {À òåïåðü çàãîíÿåì â óãîëîê - è íîãàìè åãî íîãàìè.} 57. Ba2+ Ka1
58. Kc2 a3 59. Be6 Bxc3 60. Kxc3 Kb1 61. h5 gxh5 62. Bxf5+ Ka1 (62... Kc1 63.
Bc2 h4 64. Nd3#) 63. Nc2+ Ka2 64. Be6+ Kb1 65. Nxa3+ Kc1 66. f5 $18 {
Âèäèòå, êàê âñ¸ «ïðîñòî»!}) 48. Bxb4 a3 (48... Kc2 49. Ke3 Kc1 50. Kd3 Kd1
51. h5 gxh5 52. Bxf5 $18) 49. Kd2 $1 Bc6 (49... a2 50. Bc3+ Kb1 51. h5 $1 a1=Q
52. Bxa1 gxh5 53. Bd4 Bg6 54. Bf6 Bh7 55. Bf7 {è ò.ä.}) 50. h5 $1 gxh5 51. Bc3+
Kb1 52. Bxf5+ Ka2 53. Be6+ Kb1 54. f5 a2 55. f6 $1 $18 {
Âîò òàêîé ñ ïîçâîëåíèÿ ïîë¸ò ôàíòàçèè...}) {À â ïàðòèè âñ¸ áûñòðî óñïîêîèëîñü:}
42. Nd3+ Kd6 43. Bc4 bxa3 44. bxa3 Nc3+ 45. Ke1 Ne4 46. Bf4+ Ke7 47. Be5 Bxe5
48. Nxe5 Kf6 49. Nf3 Nd6 50. Be2 Bb5 51. Nd4 Bxe2 (51... Bxe2 52. Kxe2 Nc4 53.
Nb5 Ke5 54. Kf3 Nd2+ 55. Ke3 Ne4 56. f3 Nc5 57. Nc3 $11) 1/2-1/2

[Event "Càmpeonato de España de Ajedrez"]
[Site "circulodelasartes.org"]
[Date "2007.06.24"]
[Round "5.13"]
[White "Morozevich, Alexander"]
[Black "Socko, Bartosz"]
[Result "1-0"]
[WhiteElo "2762"]
[BlackElo "2641"]
[Annotator "Ëåáåäåâ Âàñèëèé"]
[PlyCount "73"]
[EventDate "2007.06.24"]

1. e4 e5 2. Nf3 Nc6 3. Bb5 a6 4. Ba4 Nf6 5. O-O Be7 6. Re1 b5 7. Bb3 d6 8. c3
O-O 9. h3 Nd7 10. d4 Bf6 11. d5 Na5 12. Bc2 Nb6 13. a4 $5 {Âûòàñêèâàÿ èç
çàïàñíèêîâ õîä 30-ëåòíåé äàâíîñòè. Ñëåäóþùèå ïåøå÷íûå õîäû áåëûõ
çàñëóæèâàþò áûòü îòìå÷åííûìè îñîáî.} (13. Nbd2) (13. b3) 13... Bd7 ({
Â òîé ñàìîé, óïîìèíàâøåéñÿ, ïàðòèè áåëûå ñîõðàíÿëè êîëîññàëüíûé ïåðåâåñ,
áîëüøîé ïåðåâåñ, à ïîòîì ïðîñòî ïåðåâåñ, à çàòåì è íè÷üþ äî ñàìîãî êîíöà...} 
13... bxa4 14. Bxa4 Nxa4 15. Qxa4 Nb7 16. Qc6 Qd7 17. Qc4 Nd8 18. Na3 Be7 19.
Be3 Kh8 20. b4 g6 21. Qd3 f5 22. c4 Qe8 23. Bd2 f4 24. Nb5 Qd7 25. c5 Nf7 26.
Rec1 Bd8 27. Ra2 g5 28. Nh2 h5 29. f3 Qe7 30. Qc3 Bd7 31. c6 Bc8 32. Qa1 Nh6
33. Nc3 Rb8 34. b5 g4 35. hxg4 hxg4 36. bxa6 g3 37. Nf1 Bxa6 38. Rxa6 Qh4 39.
Be1 Ng4 40. fxg4 Rf7 41. Ne2 Rh7 42. Bxg3 Qh1+ 43. Kf2 fxg3+ 44. Nfxg3 Rf7+ 45.
Nf5 Bh4+ 46. Kf3 Rb3+ 47. Rc3 Rb1 48. Rc1 Rb3+ 49. Nc3 Qh2 50. Ra8+ Kh7 51. Ra2
Qg3+ 52. Ke2 Qxg4+ 53. Kd3 Rxf5 54. exf5 Rb4 55. Re2 Qc4+ 56. Kc2 $4 (56. Kd2
Qf4+ 57. Kd3 $11) 56... Qb3+ 57. Kd2 Rd4+ 58. Ke3 Qc4 59. Qb1 Rd3+ $1 {
(0-1 Nicevski,R (2435) - Lengyel,L (2415)/Stip 1977).}) ({
Âèäèìî, ëó÷øå âñåãî ÷¸ðíûì áûëî â îòâåò òàêæå äâèíóòü âïåð¸ä ïåøêó -} 13...
c5 $5) ({èëè} 13... c6 $5) {À òåïåðü èä¸ò çàæèì!} 14. b4 Nb7 {
×¸ðíûé êîíü íà b7 â «èñïàíêå»? Íå ê äîáðó.} ({Ïîñëå} 14... Nac4 {
áåëûå, êàê ìèíèìóì, âûèãðûâàëè ïåøêó} 15. a5 Nc8 16. Bb3 c6 $140 17. Bxc4 (17.
dxc6 $5) 17... bxc4 18. Na3 Qc7 19. Nd2 ({äóìàþ, ÷òî ñëàáåå} 19. Nxc4 cxd5
20. Qxd5 Be6 $1 21. Qxa8 Na7 22. Qxf8+ Kxf8 {è ò.ä.}) 19... cxd5 20. exd5 Ne7
21. Ndxc4 Rab8 22. Be3 {è ò.ä.}) 15. a5 Nc8 {Íàäî ïðûãàòü íàçàä.} ({Åñëè} 15...
Na4 {, òî} 16. c4 $1 c6 17. dxc6 Bxc6 18. cxb5 axb5 19. Bxa4 bxa4 20. Nc3 $16)
({Èëè} 15... Nc4 16. Bb3 {, è ïîçèöèÿ íà ôåðçåâîì ôëàíãå áóäåò âñêðûòà òåì èëè
èíûì ñïîñîáîì, ÷òî ïðèâåä¸ò (ÈÌÕÎ) ê ïåðåâåñó áåëûõ.} {Íàïðèìåð,} Rc8 17. Bxc4
bxc4 18. Na3 c6 (18... c5 19. Be3 $1) 19. dxc6 (19. Nxc4 cxd5 20. Qxd5 Be6 21.
Qxb7 Bxc4 22. Rd1) 19... Rxc6 20. Nc2 {- ïðûã-ñêîê íà d5...}) 16. c4 $1 Na7 ({
Íà} 16... bxc4 {, äóìàþ, íàäî áûëî îæèäàòü} 17. Na3 c3 $140 (17... Bb5 18.
Nxb5 axb5 19. a6 {, è ÷¸ðíûå íå óñïåâàþò ñïàñòè ôèãóðó}) 18. Qd3 ({ïîñëàáåå} 
18. Nb1 $5 Na7 19. Nxc3 Nb5) 18... Ne7 ({åñëè} 18... Na7 {, òî èíòåðåñíî} 19.
Qxa6 $5 Nxa5 $5 20. Qxa5 Nb5 21. Nxb5 Rxa5 22. Rxa5 Qb8 23. Nxc3 Qxb4 24. Ra3 {
è ò.ä.}) 19. Qxc3 $14) 17. Nc3 bxc4 18. Be3 Nb5 {
Âûãëÿäèò î÷åíü åñòåñòâåííî, íî íàòàëêèâàåòñÿ íà ýôôåêòíîå âîçðàæåíèå.} 19.
Nxb5 Bxb5 ({Ïîñëå} 19... axb5 20. a6 {òåðÿåòñÿ ôèãóðà. È õî÷åòñÿ ïîïðîñèòü
Àíàòîëèÿ Åâãåíüåâè÷à Êàðïîâà ðàñêðûòü «ñòðàøíóþ» òàéíó: êàêèå òàêèå ñëîâà
íàø¸ë Âîëüôàíã Óíöèêåð, êîòîðûé ïî-ðóññêè âñëóõ îáðóãàë ïîäîáíóþ ïîçèöèþ «ñ
ýòèì äóðàöêèì ÷¸ðíûì êîí¸ì, êîòîðûé íèêàê íå ìîæåò âûïðûãíóòü èç êëåòêè» (â
àíàëèçå ïîñëå ïàðòèè Êàðïîâ-Óíöèêåð, Íèööà 1974).}) 20. Ba4 $1 $14 Qe8 21. Nd2
c6 ({Ïîñëå} 21... Bxa4 22. Qxa4 Qxa4 23. Rxa4 c3 24. Nc4 $14 {
ó áåëûõ, äóìàþ, ïåðåâåñ, «áëàãîäàðÿ» âñ¸ òîìó æå ÷¸ðíîìó êîíèêó íà b7.}) {
Íó âîò, ëîãè÷íûå, íà÷èíàÿ ïðèìåðíî ñ 16-ãî, õîäû îáå ñòîðîíû èñïîëíèëè,
òåïåðü íà÷èíàþòñÿ«ìîðîçåâè÷åñêèå»!} 22. Nxc4 $3 Bxc4 {
Ïðèõîäèòñÿ «ïðîâåðÿòü» êîððåêòíîñòü çàìûñëà ïðîòèâíèêà,} ({èáî ïëîõî êàê} 
22... cxd5 23. Bxb5 Qxb5 24. Qxd5 $16) ({òàê è} 22... Bxa4 23. Qxa4 cxd5 24.
Qxe8 Rfxe8 25. exd5 $16) 23. dxc6 {
Çà ôèãóðó ó áåëûõ îäíà ïåøêà... Îäíà, íî çàòî êàêàÿ!} Nd8 24. c7 Qe6 ({
Â ñëó÷àå} 24... Qe7 {áåëûå îòûãðûâàþò ôèãóðó, ñîõðàíÿÿ èíèöèàòèâó, ïóò¸ì} 25.
Rc1 Qxc7 26. Rc3 $1 Ne6 ({èëè} 26... Rc8 27. Qc2 Ne6 28. Rc1 Nd4 29. Bxd4 exd4
30. Rxc4 Qxc4 31. Qxc4 Rxc4 32. Rxc4 $16 {, õîòÿ è «ðàçíîöâåò»}) 27. Bb6 $1
Qc8 28. Qc2 Nd4 29. Bxd4 exd4 30. Rxc4 {
è ò.ä. Íî, íàâåðíîå, ýòî áûëî âñ¸ æå ïîëó÷øå, íåæåëè õîä â ïàðòèè.}) 25. Rc1
Rc8 26. Bb6 Be7 $6 {Íåòî÷íîñòü ïîä äàâëåíèåì. ×òî ìîæåò áûòü åñòåñòâåííåå?} (
{Íî íå ïðèíîñèëî îáëåã÷åíèÿ êàê} 26... Nb7 27. Bc6 Nd8 28. Bd5 Bxd5 29. exd5 (
{èëè} 29. cxd8=Q Bxd8 30. Rxc8 Qxc8 31. Qxd5 {è ò.ä.}) 29... Qd7 30. Qd3 $1 Ra8
31. cxd8=Q Bxd8 32. Rc6 $16) ({òàê è} 26... Bg5 {
, ÷òî, ïðàâäà, áûëî áîëåå óïîðíûì:} 27. Rc3 Nb7 28. Bc6 Nd8 29. Bd5 Bxd5 {èëè}
30. exd5 $1 ({íåñìîòðÿ íà ïîäâåðæåííîñòü áåëûõ ëàäåé âèëêå; ñïîêîéíåå} 30.
cxd8=Q Bxd8 31. Rxc8 Qxc8 32. Qxd5 {ñ íåñîìíåííûì ïðåèìóùåñòâîì}) 30... Qd7 31.
Qd3 Nb7 $140 32. Rc6 $1 ({íåïëîõî è} 32. Qxa6 {
, íåñìîòðÿ, êàê è áûëî ñêàçàíî, íà} Bd2 33. Rec1 $1 Bxc3 34. Rxc3 Nd8 35. Rc4 {
È äàëåå ïðèìåðíî òàê -} Ne6 {(èíà÷å ñîâñåì ãðóñòíî)} 36. dxe6 fxe6 37. Qb7 d5
38. Rc6 d4 39. Bc5 Rfe8 40. a6 d3 41. Rd6 Qxc7 42. Qxc7 Rxc7 43. Rxd3 $16 {
è ò.ä.}) 32... Ra8 33. b5 $1 Rfc8 ({ïîñëå} 33... axb5 34. Qxb5 {
ÿ áû íàçâàë ïîçèöèþ áåëûõ ïîäàâëÿþùåé}) 34. bxa6 Nc5 35. Bxc5 dxc5 {
Òàê-òàê, æåðòâà ôèãóðû îêàçàëàñü âîâñå íå âðåìåííîé, êàê ïðåäñòàâëÿëîñü
âíà÷àëå. Íó è ïóñòü!} 36. Rxe5 $5 {
Èãðà íà ïóáëèêó, íî, ïðàâî æå, æàëü òàêîé âàðèàíò âûêèäûâàòü â òîïêó.} ({
Ïðàâèëüíî, êàæåòñÿ,} 36. Qf3 $5 Be7 $140 $5 ({èëè} 36... f6 37. d6 Bd2 38. Qd5+
Kf8 39. Rb1 Bb4 40. Rb6 {, «íàäåÿñü» íà} h6 41. Qxa8 $1 $18) 37. Rb1 Bd6 38.
Rbb6 $1 e4 39. Qxe4 Bxc7 40. Rb7 Qd8 41. Qf5 $22 {
È áåëûå ìîãóò âûèãðàòü ñëåäóþùèì,  «íåìóäðÿùèì» ñïîñîáîì:} Kh8 {(ëó÷øåå!)}
42. Qxf7 Be5 43. Rxc8 Qxc8 ({ñëàáåå} 43... Rxc8 44. Qe6 Bd4 45. a7 Ra8 46. d6
$1 ({ïîñëå} 46. Qb6 $6 {
÷¸ðíûå íåìíîæêî êîìáèíèðóþò è äîæèâàþò äî òÿæåëåéøåãî, íî «ëàäåéíèêà» -}
Bxf2+ $1 47. Kh1 $1 {(áèòü ñëîíà ÿñíî íåëüçÿ)} Bg3 48. Qxd8+ Rxd8 49. d6 $1
Bxd6 50. Rd7 $1 Ra8 51. Rxd6 h6 52. Kg1 Rxa7 53. a6 {è ò.ä.}) 46... Qf8 47. Rb8
$1 $18) 44. a7 c4 45. d6 $1 c3 46. Qc7 ({ñëèøêîì óæ âåñåëî} 46. d7 $5 c2 $1 47.
dxc8=Q+ Rxc8 48. g3 $1 c1=Q+ 49. Kg2 {
, õîòÿ è çäåñü, ïîõîæå, ó áåëûõ âûèãðàíî. Íàïðèìåð,} Qc6+ 50. Qf3 $1 Qxf3+ 51.
Kxf3 Re8 52. Re7 $1 {è ò.ä.}) 46... Qxc7 (46... c2 47. Rb8 Rxb8 48. axb8=Q
c1=Q+ 49. Qxc1 Qxb8 50. d7 $1 $18) 47. dxc7 Bxc7 48. Rxc7 Kg8 49. a6 $1 Kf8 50.
f4 {- ñ÷èòàþ, ÷òî áåëûå òóò âûèãðûâàþò.} c2 51. Rxc2 Rxa7 52. Ra2 {è ò.ä.})
36... h6 ({ê òîìó æå âåä¸ò è} 36... Be7 37. Rxe7 $1 Qxe7 38. d6 Qd7 39. Qd5 {
è ò.ä.}) {È òåïåðü} 37. Qf3 $1 (37. Qe4 $5 Bf6 38. Rh5 Bd4 39. d6 $36) 37...
Be7 ({Ïðîèãðûâàåò} 37... Rxc7 $2 38. Rxc7 Qxc7 39. d6 $1 Qb8 40. d7 $1 Qxe5 $1
41. Qxa8+ Kh7 {èç-çà òîíêîãî} 42. g3 $1 ({íî íå} 42. d8=Q Qe1+ 43. Kh2 {
«Êàêîé-òàêîé ôåðçü-øìåðçü? ß ñîâñåì íå ãîëîäåí!» - åõèäíî ïîäóìàë ÷¸ðíûé
ñëîí è ïîø¸ë âïåð¸ä-} Bf4+ $1 44. g3 Qxf2+ 45. Qg2 Bxg3+ 46. Kh1 Qe1+ 47. Qg1
Qe4+ $1 48. Qg2 Qe1+ {- âå÷íûé øàõ!}) 42... Qd4 43. a7 Qd1+ 44. Kh2 Qxd7 45.
Qb8 Qd4 46. a8=Q Qxf2+ 47. Qg2 $18) 38. Rxe7 $3 Qxe7 39. d6 Qd7 40. Qd5 {
, è áåëûå ìîãóò äåëàòü ñ ñîïåðíèêîì âñ¸ «÷òî çàõîòÿò». Íî âîò õâàòèò ëè
ýòîãî «âñåãî» (áåç ëàäüè!) äëÿ ïîáåäû?}) 27. Qc2 Bb5 {Òóò óæå âñ¸ åäèíî.} ({
Íå ëó÷øå è «áîåâîå»} 27... d5 $5 28. cxd8=Q Rfxd8 {Âûíóæäåííî.} ({
èáî ïðîäîëæåíèå} 28... Bxd8 29. exd5 Qxd5 (29... Qe7 30. Bb3) 30. Red1 Qb7 31.
Rd7 $18 {îñòàâëÿåò áåëûì ëèøíþþ ôèãóðó ïîñëå} Qa8 32. Bxd8 Rfxd8 33. Rxd8+
Rxd8 34. Qxc4) 29. Bxd8 Rxd8 (29... Bxd8 30. exd5 Qxd5 31. Bb3) 30. Red1 $1 {
È öåíòðàëüíàÿ êîíñòðóêöèÿ ÷¸ðíûõ ðóøèòñÿ.} {Ê ïðèìåðó,} Bxb4 31. exd5 ({
Ýôôåêòíåå, íî çàòÿæíåå} 31. Qxc4 $1 dxc4 32. Rxd8+ Bf8 33. Re8 Qd6 34. Rxc4 g6
35. Rcc8 Kg7 36. Rxf8 {è ò.ä.}) 31... Bxd5 32. Bb3 $1 Bf8 $8 (32... Be7 33. Qd2
$18) (32... Bxb3 $4 33. Rxd8+) 33. Qc7 $5 ({èëè} 33. Qe2 $22 {, ïðè÷¸ì ïîëíûé!
}) 33... Rd6 34. Rxd5 {è ò.ä.}) 28. Bxb5 axb5 29. Qd3 {Êîíü íèêóäà íå óñêà÷åò.
} Qh6 (29... Nb7 30. a6 $18) 30. cxd8=Q Rfxd8 31. Ra1 Rf8 32. Qxb5 $18 {
Äàëüíåéøåå ëåãêî ïîíÿòíî.} Bd8 33. Be3 Bg5 34. Bxg5 Qxg5 35. a6 Qd2 36. a7 Ra8
37. Qb7 {Ñàìûé ïðîñòîé ïîáåäíûé ïëàí òóò òàêîâ: ñòàâèì ëàäüè íà à1 è b1,
òîëêàåì ïåøêó äî b6, «æåðòâóåì» ôåðçÿ íà à8 è ïîñëå b6-b7 æä¸ì êàïèòóëÿöèè
ïðîòèâíèêà. Â îáùåì, ïî ëþáîé ïðè÷èíå (ñäà÷à, ïðîñðî÷êà) èòîãîâûé
ðåçóëüòàò âïîëíå çàêîíîìåðåí è ñâîåâðåìåíåí.} ({
È ìîæíî äàæå íå îáðàùàòü âíèìàíèå íà «êîíòðèãðó» ïðîòèâíèêà:} 37. Qb7 f5 38.
Reb1 fxe4 39. b5 Qxf2+ ({èëè} 39... e3 40. b6 $1 Qxf2+ 41. Kh1 e2 42. Qxa8 $1)
40. Kh1 Qd4 ({èëè} 40... Qf7 41. Qa6 Qg6 42. b6 Rf2 43. Rg1 {è b6-b7}) 41. b6
e3 42. Qxa8 $1) 1-0